Catálogo público

Comportamiento sexual y calidad seminal de conejos nueva zelanda blanco suplementados con te verde (Camellia sinensis) / (Record no. 220087)

MARC details
000 -CABECERA
campo de control de longitud fija 03800nam a22003377a 4500
003 - IDENTIFICADOR DEL NÚMERO DE CONTROL
campo de control OSt
005 - FECHA Y HORA DE LA ÚLTIMA TRANSACCIÓN
campo de control 20240816132813.0
007 - CAMPO FIJO DE DESCRIPCIÓN FÍSICA--INFORMACIÓN GENERAL
campo de control de longitud fija cr ||||||a|c|a
008 - DATOS DE LONGITUD FIJA--INFORMACIÓN GENERAL
campo de control de longitud fija 240816s2023 mx a|||fom||| 00| 0 spa d
040 ## - FUENTE DE LA CATALOGACIÓN
Normas de descripción rda
100 1# - ENTRADA PRINCIPAL--NOMBRE DE PERSONA
Nombre de persona Miranda Meraz, María Guadalupe
9 (RLIN) 189440
245 10 - MENCIÓN DE TÍTULO
Título Comportamiento sexual y calidad seminal de conejos nueva zelanda blanco suplementados con te verde (Camellia sinensis) /
Mención de responsabilidad, etc. por María Guadalupe Miranda Meraz; presidente Raymundo Rodríguez Lara; secretario Marianell Fallas López; vocal Luis Miguel Hernández Velázquez; suplente Otilio Aguilar Romero; suplente Constantino Romero Márquez
264 #1 - PRODUCCIÓN, PUBLICACIÓN, DISTRIBUCIÓN, FABRICACIÓN Y COPYRIGHT
Producción, publicación, distribución, fabricación y copyright Chapingo, México :
Nombre del de productor, editor, distribuidor, fabricante El autor,
Fecha de producción, publicación, distribución, fabricación o copyright 2023.
300 ## - DESCRIPCIÓN FÍSICA
Extensión 1 recurso en línea (41 páginas):
Otras características físicas Ilustraciones, cuadros
336 ## - TIPO DE CONTENIDO
Fuente rdacontent
Término de tipo de contenido texto
Código de tipo de contenido txt
337 ## - TIPO DE MEDIO
Fuente rdamedia
Nombre/término del tipo de medio computadora
Código del tipo de medio c
338 ## - TIPO DE SOPORTE
Fuente rdacarrier
Nombre/término del tipo de soporte recurso en línea
Código del tipo de soporte cr
502 ## - NOTA DE TESIS
Tipo de título Ingeniero Agrónomo Especialista en Zootecnia
Nombre de la institución que otorga el título Departamento de Enseñanza, Investigación y Servicio en Zootecnia,
Año de obtención del título 2023
Información miscelánea Licenciatura
504 ## - NOTA DE BIBLIOGRAFÍA, ETC.
Nota de bibliografía, etc. Incluye referencias bibliográficas: páginas 31-39
520 ## - SUMARIO, ETC.
Sumario, etc. El objetivo del presente estudio fue evaluar el efecto de la suplementación con extractos de hojas de la planta Camellia sinensis verde en la calidad seminal en conejos. Se utilizaron 24 conejos Nueva Zelanda Blanco, que fueron asignados completamente al azar a uno de dos tratamientos experimentales: T1) Sin suplemento; T2) Con suplementación con 75 mg por kg de peso vivo de extractos de té verde administrados en el agua bebida. Se proporcionaron los extractos cinco días continuos, de lunes a viernes, hasta completar seis sesiones. Los conejos fueron manejados bajo un ritmo de reproducción extensivo en donde se colectaban un primero y segundo eyaculado una vez a la semana. El diseño experimental fue completamente al azar con dos tratamientos y 12 repeticiones por tratamiento siendo el conejo la unidad experimental. Se analizaron estadísticamente un total de 256 muestras. La suplementación con extractos de té verde dio lugar a un porcentaje superior en 61.5% en cuanto a la presencia de gel; una mejora del 4.0% en la producción de espermatozoides/ml (sin verse influenciada por tratamiento[p>0.05]); se incrementó (p=0.03) la concentración espermática por eyaculado en 8.3 millones (+4.7%). No se encontraron efectos de tratamiento (p>0.05) en la motilidad total, motilidad progresiva y en el porcentaje de espermatozoides vivos. Las velocidades rectilíneas (VSL) de los espermatozoides en conejos suplementados tendieron (p=0.133) a ser mayores en un 4.9%. El índice de linearidad mostro ser superior (p=0.05) en los conejos suplementados con extractos de té verde (+4.7%), así mismo se observó una tendencia (p=0.116) a presentar un mayor porcentaje de espermatozoides vivos normales (+1.2%), un valor mayor en cuanto al promedio de espermatozoides vivos normales progresivos motiles por eyaculado (+13.3 X106) y un incremento en el número de dosis potenciales para uso en inseminación artificial (+15.7%). La suplementación con polifenoles de té verde mejora la concentración espermática por eyaculado, la motilidad progresiva, los parámetros de cinética progresiva de movimiento espermático y la capacidad reproductiva en conejos<br/>
650 #4 - PUNTO DE ACCESO ADICIONAL DE MATERIA--TÉRMINO DE MATERIA
Término de materia o nombre geográfico como elemento de entrada Conejos
Subdivisión general Reproducción
9 (RLIN) 26378
650 #4 - PUNTO DE ACCESO ADICIONAL DE MATERIA--TÉRMINO DE MATERIA
Término de materia o nombre geográfico como elemento de entrada Conejos
Subdivisión general Semen
9 (RLIN) 26379
650 #4 - PUNTO DE ACCESO ADICIONAL DE MATERIA--TÉRMINO DE MATERIA
Término de materia o nombre geográfico como elemento de entrada Camellia sinensis
Subdivisión general Efecto en conejos
9 (RLIN) 189307
700 1# - PUNTO DE ACCESO ADICIONAL--NOMBRE DE PERSONA
Nombre de persona Rodríguez de Lara, Raymundo
9 (RLIN) 98436
Término indicativo de función/relación presidente
700 1# - PUNTO DE ACCESO ADICIONAL--NOMBRE DE PERSONA
Nombre de persona Fallas López, Marianella.
9 (RLIN) 39399
Término indicativo de función/relación secretario
700 1# - PUNTO DE ACCESO ADICIONAL--NOMBRE DE PERSONA
Nombre de persona Hernández Velázquez Luis Miguel
9 (RLIN) 129220
Término indicativo de función/relación vocal
700 1# - PUNTO DE ACCESO ADICIONAL--NOMBRE DE PERSONA
Nombre de persona Aguilar Romero, Otilio
9 (RLIN) 189441
Término indicativo de función/relación suplente
700 0# - PUNTO DE ACCESO ADICIONAL--NOMBRE DE PERSONA
Nombre de persona Romero Márquez, Constantino
9 (RLIN) 99621
Término indicativo de función/relación suplente
856 ## - LOCALIZACIÓN Y ACCESO ELECTRÓNICOS
Identificador Uniforme del Recurso http://10.13.5.2/tesis/tl/1511678-2_MIRANDA_MERAZ_MARIAGUADALUPE.pdf
Nota pública DESCARGAR PDF
942 ## - ELEMENTOS DE PUNTO DE ACCESO ADICIONAL (KOHA)
Fuente del sistema de clasificación o colocación Clasificación Universidad Autónoma Chapingo
Tipo de ítem Koha Tesis digital
Holdings
Estado de retiro Estado de pérdida Fuente del sistema de clasificación o colocación Estado dañado Restricciones de uso No para préstamo Código de colección Localización permanente Ubicación/localización actual Fecha de adquisición Total de préstamos Signatura topográfica completa Fecha visto por última vez Precio válido a partir de Tipo de ítem Koha
    Clasificación Universidad Autónoma de Chapingo   Préstamo interno   Tesis digitales de Licenciatura Biblioteca Digital Biblioteca Digital 16/08/2024   Tesis digital 16/08/2024 16/08/2024 Tesis digital